| 000 | 00657nam a2200217Ia 4500 | ||
|---|---|---|---|
| 001 | 1871 | ||
| 003 | GE_BSU | ||
| 008 | 181216s||||||||xx |||||||||||||| ||und|| | ||
| 020 | _a9854631842 | ||
| 040 | _cGE_BSU | ||
| 080 | _a342.7(075.8)К-93 | ||
| 100 | _aКурак,А.И. | ||
| 245 | _aКонституционное право(таблицы схемы, определения) | ||
| 245 | _bНчебное пособие для студ. высшего образования. | ||
| 260 | _aМинск | ||
| 260 | _c2006 | ||
| 300 | _a318 с. 20 см. | ||
| 541 | _h10 л. | ||
| 653 | _aКонституционное право | ||
| 942 | _cBK | ||
| 999 |
_c35972 _d35972 |
||